书目信息 |
| 题名: |
化学危险物品储运知识
|
|
| 作者: | ;商业部储运局全国商品储存养护技术研究组 编 | |
| 分册: | ||
| 出版信息: | 北京 中国财政经济出版社 1978 |
|
| 页数: | 190页 | |
| 开本: | 19cm | |
| 丛书名: | ||
| 单 册: | ||
| 中图分类: | F767.03 | |
| 科图分类: | ||
| 主题词: | 危险货物运输-化学商品 , 化工商品-危险货物管理 , 化学商品-危险货物运输 , 危险货物管理-化工商品 | |
| 电子资源: | ||
| ISBN: | ||
| 000 | 00842nam0 2200253 45 | |
| 001 | 0178002094 | |
| 005 | 20060911151414.12 | |
| 010 | @dCNY0.51 | |
| 091 | @aCN@b15166.029 | |
| 100 | @a19950714d1978 em y0chiy0121 ea | |
| 101 | 0 | @achi |
| 102 | @aCN@b110000 | |
| 105 | @ay z 000yy | |
| 200 | 10 | @a化学危险物品储运知识@Ahua xue wei xian wu pin chu yun zhi shi@f商业部储运局全国商品储存养护技术研究组编 |
| 210 | @a北京@c中国财政经济出版社@d1978 | |
| 215 | @a190页@d19cm | |
| 606 | @a危险货物运输-化学商品 | |
| 606 | @a化工商品-危险货物管理 | |
| 606 | @a化学商品-危险货物运输 | |
| 606 | @a危险货物管理-化工商品 | |
| 690 | @aF767.03@v3 | |
| 711 | 02 | @a商业部储运局全国商品储存养护技术研究组@Ashang ye bu chu yun ju quan guoshang pin chu cun yang hu ji shu yan jiu zu@4编 |
| 801 | 0 | @aCN@bTSSF@c20060911 |
| 905 | @a10447@dF767.03@e21 | |
| 化学危险物品储运知识/商业部储运局全国商品储存养护技术研究组编.-北京:中国财政经济出版社,1978 |
| 190页;19cm |
| ISBN :CNY0.51 |
| ● |
| 相关链接 |
|
|
|
|
正题名:化学危险物品储运知识
索取号:F767.03/21
 
预约/预借
| 序号 | 登录号 | 条形码 | 馆藏地/架位号 | 状态 | 备注 |
| 1 | 0471989 | 204719894 | 密集书库/ [索取号:F767.03/21] | 在馆 |